KOHA-Header-6

Terikh Or Danishwar (Record no. 8730)

000 -LEADER
fixed length control field 00255nam a2200109Ia 4500
100 ## - MAIN ENTRY--AUTHOR NAME
Personal name Dr.Mubarak Ali
245 #0 - TITLE STATEMENT
Title Terikh Or Danishwar
260 ## - PUBLICATION, DISTRIBUTION, ETC. (IMPRINT)
Place of publication Lahore
Name of publisher Prentice
Year of publication 1998
300 ## - PHYSICAL DESCRIPTION
Number of Pages 856
942 ## - ADDED ENTRY ELEMENTS (KOHA)
Koha item type Books
Holdings
Withdrawn status Lost status Collection code Permanent Location Current Location Shelving location Date acquired Full call number Accession Number Koha item type
    Urdu Literature MAJU MAJU   2019-09-14 813.9 3676 Urdu Literature

Powered by Koha